| 000 | 00626nam a2200193Ia 4500 | ||
|---|---|---|---|
| 003 | GCL | ||
| 008 | 140319s9999 xx 000 0 ara d | ||
| 020 | _a4465291977 | ||
| 040 |
_aGCL / _cGCL |
||
| 082 | 0 | 4 |
_a813.01 _bف ف |
| 100 | 1 | _aفوزية مهران | |
| 245 | 1 | 0 |
_aفنار الاخوين / _cفوزية مهران |
| 250 | _aالاولى | ||
| 260 |
_aالقاهرة : _bمركز الحضارة العربية للاعلام والنشر ، _c2003 |
||
| 300 |
_a143ص ؛ _c20سم |
||
| 650 | 0 | 4 | _aالقصص العربية القصيرة |
| 650 | 0 | 4 | _aالقصص العربية - مجموعات |
| 942 |
_2ddc _cBK |
||
| 999 |
_c6780 _d6780 |
||